00335nam a2200121Ia 4500008004100000100002500041245009400066260001200160260001100172260000900183300000700192650001400199160103s9999 xx 000 0 und d10aBalachandra,B.A.H.E. aBioactivity of Volatiles and Non-Vplatile Extracts of Iriweriya (Plectranthus Zeylanicus) aColombo bIchemc c2009 a49 aIriweriya